Six Closest Countries - Estonia - Statistics

General Stats
  • This quiz has been taken 103 times
  • The average score is 5 of 6
Answer Stats
km country miles % Correct
0 Russia 0
97%
0 Latvia 0
93%
152 Lithuania 95
92%
47 Finland 29
91%
157 Belarus 98
76%
150 Sweden 93
69%
No matching quizzes found
Score Distribution
Percent of People with Each Score
Percentile by Number Answered
Your Score History
You have not taken this quiz